Ballon d'or 2023 - Statistiques

Statistiques générales
  • Ce quiz a été pris 364 fois
  • Le résultat moyen est 18 sur 30
Statistiques - réponses
Rang Joueurs Nationalité Points % Correct
2 Erling Haaland Norvège 357
100%
3 Kylian Mbappé France 270
100%
1 Lionel Messi Argentine 462
100%
4 Kevin De Bruyne Belgique 100
95%
10 Luka Modrić Croatie 19
88%
11 Mohamed Salah Égypte 13
86%
12 Robert Lewandowski Pologne 12
86%
6 Vinícius Júnior Brésil 49
83%
20 Lautaro Martínez Argentine 4
76%
15 Emiliano Martínez Argentine 7
75%
5 Rodri Espagne 57
75%
21 Antoine Griezmann France 4
74%
8 Victor Osimhen Nigeria 24
71%
19 Harry Kane Angleterre 4
67%
13 Yassine Bounou Maroc 10
62%
9 Bernardo Silva Portugal 20
61%
7 Julián Álvarez Argentine 28
60%
17 Khvicha Kvaratskhelia Géorgie 6
59%
Martin Ødegaard Norvège 0
55%
16 Karim Benzema France 6
51%
18 Jude Bellingham Angleterre 5
46%
30 Rúben Dias Portugal 0
40%
26 Jamal Musiala Allemagne 0
39%
22 Kim Min-jae Corée du Sud 3
32%
25 Joško Gvardiol Croatie 1
30%
28 Randal Kolo Muani France 0
30%
24 Bukayo Saka Angleterre 1
27%
14 İlkay Gündoğan Allemagne 8
27%
23 André Onana Cameroun 2
25%
27 Nicolò Barella Italie 0
23%
Aucun quiz correspondant
Distribution des résultats
% des personnes avec chaque résultat
Percentile par nombre de réponses
Votre historique - résultats
Vous n’avez pas pris ce quiz